Manual de navegación /
Manual técnico detallado sobre los elementos y procedimientos básicos de navegación marina. Se encuentra información acerca de lo que son la esfera celeste, horas y fechas, cálculo del azimut, rumbos, agujas giroscópicas, luces marítimas, navegación costera, navegación con corriente, con niebla, de...
Enregistré dans:
| Auteur principal: | |
|---|---|
| Format: | Livre |
| Langue: | espagnol |
| Publié: |
Madrid, España :
Enrique Martínez Jiménez,
1978, c1978
|
| Sujets: | |
| Tags: |
Pas de tags, Soyez le premier à ajouter un tag!
|
MARC
| LEADER | 00000nam^a2200000^a^4500 | ||
|---|---|---|---|
| 001 | 000131612 | ||
| 005 | 20250521000000.0 | ||
| 009 | 20260310095030.162 | ||
| 020 | |a 84-400-5327-4 | ||
| 037 | |a Acervo ITESO - Biblioteca | ||
| 041 | |a ESP | ||
| 082 | |a 623. 89 |b MAR | ||
| 100 | |a Martínez Jiménez, C. de N. |e (autor) | ||
| 245 | 1 | 0 | |a Manual de navegación / |c C. de N. Martínez Jiménez. |
| 264 | 4 | |a Madrid, España : |b Enrique Martínez Jiménez, |c 1978, c1978 | |
| 300 | |a 1 v. (varias paginaciones) | ||
| 336 | |a texto |b txt |2 rdacontenido | ||
| 337 | |a sin mediación |b n |2 rdamedio | ||
| 338 | |a volumen |b nc |2 rdasoporte | ||
| 520 | |a Manual técnico detallado sobre los elementos y procedimientos básicos de navegación marina. Se encuentra información acerca de lo que son la esfera celeste, horas y fechas, cálculo del azimut, rumbos, agujas giroscópicas, luces marítimas, navegación costera, navegación con corriente, con niebla, de estima y la navegación ortodrómica. También habla sobre la lectura del firmamento, y las circunstancias favorables para su observación; las mareas, corrientes marinas, y los aparatos útiles en toda navegación como es el radar, entre otra información. | ||
| 649 | |a XX | ||
| 650 | |a Astronomía Náutica | ||
| 650 | |a Viajes Marítimos | ||
| 650 | |a Mareas | ||
| 650 | |a Navegación - |z España - |x Estudio y Enseñanza | ||
| 910 | |a Fondo General | ||
| 920 | |a Impresos - Libros | ||
| 930 | |a Colección General | ||
| 905 | |a 101 | ||
| 901 | |a 0500062287 |b IT1 |c ACC |u 20250521 | ||
| 902 | |a https://opac.biblio.iteso.mx/vufind/Record/000131612 | ||